000 00802nam a2200181Ia 4500
008 090124s9999 xx 000 0 und d
082 _b26591
_a178
100 _aतोडणकर ए. डी.
245 _a महाराष्ट्र जमीन महसूल अधिनियम मार्गदर्शक भा. 2 रा
250 _a1
260 _c1992
300 _a463
600 _aतोडणकर ए. डी.
630 _a महाराष्ट्र जमीन महसूल अधिनियम मार्गदर्शक भा. 2 रा
700 _aतोडणकर ए. डी.
730 _a महाराष्ट्र जमीन महसूल अधिनियम मार्गदर्शक भा. 2 रा
942 _cBOOK
999 _c140063
_d140063